| 000 | 00558nam a2200205Ia 4500 | ||
|---|---|---|---|
| 005 | 20250326144156.0 | ||
| 008 | 250326s9999 xx 000 0 und d | ||
| 020 | _a978-1-56327-349-0 | ||
| 037 | _aTextbook | ||
| 040 |
_aFMSL _beng _cFMSL |
||
| 041 |
_aeng _2eng |
||
| 084 |
_aX:89A P7 _qFMSL |
||
| 100 |
_aBirmingham F _9749189 |
||
| 245 | 0 |
_aQuick changeover simplified _cBirmingham F; Jelinek J |
|
| 260 |
_aNY _bNY, Productivity _c2007 |
||
| 300 | _a121p | ||
| 365 | _b1284.9564 | ||
| 942 |
_cTB _hX:89A P7 |
||
| 999 |
_c1302667 _d1302667 |
||